|
|
|
|
| LEADER |
01804nam a22003614a 4500 |
| 001 |
38690 |
| 003 |
BD-DhAAL |
| 005 |
20220526125432.0 |
| 008 |
220526t2009 fluab b 001 0 eng |
| 999 |
|
|
|c 44209
|d 44209
|
| 010 |
|
|
|a 2008023245
|
| 020 |
|
|
|a 9781420070385
|
| 040 |
|
|
|a DLC
|c DLC
|d DLC
|d BD-DhAAL
|
| 050 |
0 |
0 |
|a HV553
|b .P528 2009
|
| 082 |
0 |
0 |
|a 363.347
|2 22
|
| 100 |
1 |
|
|a Pine, John C.,
|d 1946-
|9 48764
|
| 245 |
1 |
0 |
|a Natural hazards analysis :
|b reducing the impact of disasters /
|c John Pine.
|
| 260 |
|
|
|a Boca Raton, FL. :
|b Auerbach Publications,
|c c2009.
|
| 300 |
|
|
|a xviii, 285 pages :
|c illustrations, maps ;
|c 25 cm.
|
| 504 |
|
|
|a Includes bibliographical references and index.
|
| 505 |
0 |
|
|a Introduction to hazards analysis -- Hazard identification -- Modeling natural environmental hazards -- Spatial analysis of environmental risks -- Risk analysis : assessing the risks of natural hazards -- Social, economic, and ecological vulnerability -- Risk communication -- The hazards risk management process -- Planning for sustainable and disaster resilient communities -- Disaster resilient communities : a new hazards risk management framework.
|
| 526 |
|
|
|a ARC
|
| 541 |
|
|
|a Development Book Agency
|e 38690
|
| 650 |
|
0 |
|a Disasters
|x Social aspects.
|9 48765
|
| 650 |
|
0 |
|a Emergency management.
|9 48766
|
| 650 |
|
0 |
|a Preparedness.
|9 48767
|
| 650 |
|
0 |
|a Community organization.
|9 48768
|
| 650 |
|
0 |
|a Disasters
|x Risk assessment.
|9 48769
|
| 650 |
|
0 |
|a Risk management.
|9 48770
|
| 650 |
|
0 |
|a Social services.
|9 48771
|
| 852 |
|
|
|a Ayesha Abed Library
|c General Stacks
|
| 942 |
|
|
|2 ddc
|c BK
|
| 952 |
|
|
|0 0
|1 0
|2 ddc
|4 0
|6 363_347000000000000_PIN
|7 0
|9 70669
|a BRACUL
|b BRACUL
|c GEN
|d 2022-05-22
|e Development Book Agency
|g 3000.00
|l 1
|m 4
|o 363.347 PIN
|p 3010038690
|r 2026-01-26
|s 2025-12-21
|t 1
|v 3000.00
|w 2022-05-22
|y BK
|